000 01258naa a22003137a 4500
001 BR7703368
003 BR-BrBNA
005 20240918174011.0
007 ta
008 230509b bl.||||| |||| 00| 0 por d
040 _aBR-BrBNA
_bpor
_cBiblioteca Nacional de Agricultura
041 _a(Pt)
072 _aE30; L00
_b7100
_bG514
090 _aE30 BR7703368
100 1 _aBarancelli, C.D.
111 1 _a4. Congresso Brasileiro de Apicultura
_cCuritiba, PR (Brazil)
_d9 Sep 1976
245 1 _aPlanejamento economico para a apicultura no estado do Parana [Apis mellifera; Brasil]
260 3 _aRibeirao Preto, SP (Brasil):
_c1977.
500 _aGoncalves, L.E. (ed.) Anais do 4. Congresso Brasileiro de Apicultura Ribeirao Preto, SP (Brasil): 1977. p. 319-335 (BR7703368-AM)E30
650 _aPolitica de desenvolvimento
650 _aProducao animal
650 _aAbelha
650 _aApicultura
650 _aPlanejamento economico
650 _aParana
773 0 _tAnais do 4. Congresso Brasileiro de Apicultura
_aGoncalves, L.E. (ed.). Faculdade de Medicina de Ribeirao Preto, SP (Brasil). Depto. de Genetica
_b
_wE30 BR7703368
_gRibeirao Preto, SP (Brasil), 1977. p. 319-335
909 _a202404
_bLucia
_c55
_dLucia Elande
942 _cAM
_2AGRIS
999 _c308248
_d308248